[Event "CAN-op"]
[Site "Winnipeg CAN"]
[Date "1994.07.16"]
[Round "9"]
[White "Vlaovic, George"]
[Black "Nickoloff, Bryon"]
[Result "0-1"]
[WhiteElo "2268"]
[BlackElo "2490"]
[PlyCount "92"]
[EventDate "1994.07.09"]
[EventType "swiss"]
[EventRounds "10"]
[EventCountry "CAN"]

1. e4 e5 2. Nc3 Nf6 3. g3 d5 4. exd5 Nxd5 5. Bg2 Nxc3 6. bxc3 c5 7. d3 Nc6 8.
Ne2 Be6 9. c4 Qd7 10. h3 Bd6 11. Be3 O-O 12. Rb1 f5 13. f4 b6 14. O-O Rae8 15.
Kh2 Nd4 16. fxe5 Nxe2 17. Qxe2 Bxe5 18. Qd2 Qd6 19. Bf4 Bxf4 20. Qxf4 Qxf4 21.
gxf4 Bd7 22. Bd5+ Kh8 23. Rbe1 Rxe1 24. Rxe1 Re8 25. Rxe8+ Bxe8 26. c3 g6 27.
d4 Kg7 28. Bf3 Kf6 29. h4 cxd4 30. cxd4 Bf7 31. Be2 b5 32. cxb5 Bxa2 33. Kg3
Ke6 34. Kf2 Kd5 35. Ke3 Bc4 36. Bf3+ Kd6 37. Bd1 Bxb5 38. Bb3 Be8 39. Bg8 h6
40. d5 Kc5 41. h5 gxh5 42. Be6 Bg6 43. Bd7 Kxd5 44. Ba4 Kc5 45. Bc2 a5 46. Kd3
h4 0-1

[Event "CAN-op"]
[Site "Winnipeg CAN"]
[Date "1994.07.17"]
[Round "10"]
[White "Nickoloff, Bryon"]
[Black "Hodgson, Julian"]
[Result "0-1"]
[WhiteElo "2490"]
[BlackElo "2580"]
[PlyCount "62"]
[EventDate "1994.07.09"]
[EventType "swiss"]
[EventRounds "10"]
[EventCountry "CAN"]
[Source "ChessBase"]
[SourceDate "1997.11.17"]

1. d4 Nf6 2. c4 c5 3. d5 b5 4. cxb5 a6 5. f3 axb5 6. e4 Qa5+ 7. Bd2 b4 8. Na3
d6 9. Nc4 Qd8 10. a3 e6 11. dxe6 Bxe6 12. axb4 Rxa1 13. Qxa1 d5 14. exd5 Nxd5
15. Qa4+ Nd7 16. b5 Nb4 17. g3 Be7 18. Nh3 O-O 19. Bc3 Bf6 20. Nf4 Bxc4 21.
Bxc4 Nb6 22. Qb3 Bxc3+ 23. Qxc3 Nxc4 24. Qxc4 Re8+ 25. Ne2 Nd3+ 26. Kf1 Re3 27.
Nf4 Rxf3+ 28. Ke2 Rf2+ 29. Ke3 Ne5 30. Qd5 Ng4+ 31. Kd3 c4+ 0-1

[Event "Toronto op"]
[Site "Toronto CAN"]
[Date "1994.04.??"]
[Round "?"]
[White "Nickoloff, Bryon"]
[Black "Filipovich, David"]
[Result "1-0"]
[WhiteElo "2466"]
[BlackElo "2223"]
[PlyCount "45"]
[EventDate "1994.04.01"]
[EventType "swiss"]
[EventRounds "6"]
[EventCountry "CAN"]

1. d4 c6 2. c4 d5 3. cxd5 cxd5 4. Bf4 Nc6 5. Nc3 Nf6 6. e3 a6 7. Nf3 Bg4 8. h3
Bxf3 9. Qxf3 e6 10. Bd3 Be7 11. g4 Rc8 12. Kf1 b5 13. a4 b4 14. Nb1 Qb6 15. Qe2
Na5 16. Bxa6 Rc1+ 17. Kg2 Rxh1 18. Kxh1 Nb3 19. a5 Qa7 20. Bb5+ Nd7 21. Qc2
Nxa1 22. Qc8+ Bd8 23. Bb8 1-0

[Event "Chess Nuts op"]
[Site "Toronto CAN"]
[Date "1994.02.??"]
[Round "?"]
[White "Nickoloff, Bryon"]
[Black "Peckford, William"]
[Result "1-0"]
[WhiteElo "2457"]
[BlackElo "2227"]
[PlyCount "79"]
[EventDate "1994.02.25"]
[EventType "swiss"]
[EventRounds "5"]
[EventCountry "CAN"]

1. d4 Nf6 2. c4 g6 3. Nc3 Bg7 4. e4 d6 5. Be2 O-O 6. Nf3 e5 7. Be3 exd4 8. Nxd4
Re8 9. f3 c6 10. Bf2 Nbd7 11. O-O Nh5 12. Qd2 Nc5 13. Rad1 Qc7 14. Rfe1 Be5 15.
g3 Bg7 16. b4 Ne6 17. f4 Nxd4 18. Bxd4 Nf6 19. Bf3 a5 20. a3 axb4 21. axb4 Be6
22. c5 dxc5 23. Bxc5 Qd7 24. Qf2 Qc8 25. e5 Nd7 26. Ne4 Ra2 27. Re2 Rxe2 28.
Qxe2 Qa8 29. Nd6 Rb8 30. Bd4 Qa3 31. Rb1 Bf8 32. Kf2 c5 33. bxc5 Nxc5 34. Qe3
Nd3+ 35. Kg1 b5 36. Ra1 Qb3 37. Bd1 Qd5 38. Qxd3 Bxd6 39. exd6 Bf5 40. Qe3 1-0

[Event "Toronto active"]
[Site "Toronto CAN"]
[Date "1994.??.??"]
[Round "1"]
[White "Assem, Magdy"]
[Black "Nickoloff, Bryon"]
[Result "1-0"]
[WhiteElo "2300"]
[BlackElo "2410"]
[PlyCount "67"]
[EventDate "1994.??.??"]
[EventType "swiss"]
[EventRounds "4"]
[EventCountry "CAN"]

1. e4 e5 2. Nf3 Nc6 3. Bc4 Nf6 4. d4 exd4 5. e5 d5 6. Bb5 Ne4 7. Nxd4 Bd7 8.
Bxc6 bxc6 9. O-O Bc5 10. Be3 Qe7 11. Re1 O-O 12. f3 Ng5 13. Nc3 f6 14. Qd2 fxe5
15. Bxg5 Qd6 16. Be3 exd4 17. Bxd4 Bxd4+ 18. Qxd4 Rf4 19. Qe5 Raf8 20. Rad1
R8f5 21. Qe7 Rf7 22. Qd8+ Rf8 23. Qe7 R8f7 24. Qd8+ Rf8 25. Qe7 Bf5 26. Rd2 Bg6
27. Re6 Qxe7 28. Rxe7 R4f7 29. Re5 Rf4 30. Ne2 Ra4 31. a3 Rc4 32. c3 h6 33. Rd4
Rb8 34. b4 1-0

[Event "Toronto active"]
[Site "Toronto CAN"]
[Date "1994.??.??"]
[Round "2"]
[White "Nickoloff, Bryon"]
[Black "Southam, Todd"]
[Result "1-0"]
[WhiteElo "2410"]
[BlackElo "2300"]
[PlyCount "58"]
[EventDate "1994.??.??"]
[EventType "swiss"]
[EventRounds "4"]
[EventCountry "CAN"]

1. d4 Nf6 2. c4 g6 3. Nc3 Bg7 4. e4 d6 5. Be2 O-O 6. Nf3 Bg4 7. Be3 Nfd7 8. Rc1
e5 9. d5 f5 10. Ng5 f4 11. Bxg4 Qxg5 12. h4 Qf6 13. Bd2 Nc5 14. Be2 a5 15. Bf1
Nbd7 16. Qf3 Qf7 17. Kd1 Nf6 18. Kc2 c6 19. Kb1 Qd7 20. Be2 Rab8 21. Bd3 cxd5
22. Nxd5 Nxd5 23. cxd5 b5 24. Rhe1 b4 25. Bf1 h5 26. Be2 Bf6 27. g3 fxg3 28.
Qxg3 Kh7 29. Rg1 Rg8 1-0

[Event "Toronto active"]
[Site "Toronto CAN"]
[Date "1994.??.??"]
[Round "3"]
[White "Dougherty, Michael"]
[Black "Nickoloff, Bryon"]
[Result "1-0"]
[WhiteElo "2310"]
[BlackElo "2410"]
[PlyCount "64"]
[EventDate "1994.??.??"]
[EventType "swiss"]
[EventRounds "4"]
[EventCountry "CAN"]

1. e4 c5 2. Nf3 Nc6 3. d4 cxd4 4. Nxd4 Nf6 5. Nc3 d6 6. Be3 Ng4 7. Bb5 Nxe3 8.
Nxc6 Nxd1 9. Nxd8+ Kxd8 10. Rxd1 e6 11. O-O a6 12. Bd3 Be7 13. f4 Kc7 14. e5
Bd7 15. Ne4 dxe5 16. fxe5 Rhf8 17. Nd6 Bxd6 18. exd6+ Kb6 19. Rf4 f5 20. a4
Rac8 21. Rb4+ Ka7 22. a5 Rc5 23. Rh4 h6 24. b4 Rc3 25. g4 f4 26. Rh5 Bc6 27.
Re1 Bd5 28. Rxd5 exd5 29. Re7 Rd8 30. d7 Rc7 31. Bf5 g6 32. Be6 b6 1-0

[Event "Toronto active"]
[Site "Toronto CAN"]
[Date "1994.??.??"]
[Round "4"]
[White "Nickoloff, Bryon"]
[Black "Vranesic, Zvonko"]
[Result "1-0"]
[WhiteElo "2410"]
[BlackElo "2315"]
[PlyCount "58"]
[EventDate "1994.??.??"]
[EventType "swiss"]
[EventRounds "4"]
[EventCountry "CAN"]

1. d4 Nf6 2. c4 e6 3. Nc3 Bb4 4. f3 O-O 5. e4 d5 6. e5 Ne8 7. f4 dxc4 8. Bxc4
c5 9. Nf3 Nc6 10. dxc5 Qxd1+ 11. Kxd1 Bxc5 12. Ne4 Be7 13. Ke2 Nc7 14. Rd1 b5
15. Bb3 Na5 16. Bc2 Nd5 17. Nd4 a6 18. Bd2 Nc4 19. Nc6 Re8 20. Nxe7+ Rxe7 21.
Bb3 Nxd2 22. Bxd5 exd5 23. Nxd2 f6 24. Nf3 fxe5 25. fxe5 Bg4 26. Rxd5 Rae8 27.
Rc1 Rxe5+ 28. Rxe5 Rxe5+ 29. Kf2 Re8 1-0

[Event "Keres active"]
[Site "Toronto CAN"]
[Date "1993.11.??"]
[Round "?"]
[White "Hamilton, Robert"]
[Black "Nickoloff, Bryon"]
[Result "1-0"]
[WhiteElo "2509"]
[BlackElo "2518"]
[PlyCount "65"]
[EventDate "1993.11.??"]
[EventType "tourn (rapid)"]
[EventRounds "6"]
[EventCountry "CAN"]

1. d4 Nf6 2. c4 e6 3. Nf3 d5 4. Bg5 Bb4+ 5. Nc3 dxc4 6. e4 c5 7. Bxc4 cxd4 8.
Nxd4 Bxc3+ 9. bxc3 Nbd7 10. Nb5 a6 11. Nd6+ Ke7 12. f4 Qa5 13. Qd4 h6 14. Bh4
g5 15. fxg5 hxg5 16. Bg3 Qc5 17. e5 Nh5 18. O-O Rf8 19. Bf2 Qxe5 20. Qxe5 Nxe5
21. Bc5 Kd7 22. Rad1 Kc6 23. Ne4 Nxc4 24. Bxf8 f5 25. Nxg5 Bd7 26. Nh7 Ne3 27.
Rd6+ Kc7 28. Rf3 Nd5 29. c4 Ndf6 30. Rfd3 Re8 31. Nxf6 Nxf6 32. Bg7 Nd5 33. Be5
1-0

[Event "Wentworth Active"]
[Site "Ancaster CAN"]
[Date "1993.08.??"]
[Round "?"]
[White "Day, Lawrence"]
[Black "Nickoloff, Bryon"]
[Result "0-1"]
[WhiteElo "2473"]
[BlackElo "2518"]
[PlyCount "68"]
[EventDate "1993.08.??"]
[EventType "rapid"]
[EventCountry "CAN"]

1. g3 d5 2. Nf3 Nf6 3. Bg2 c6 4. O-O Bf5 5. d3 e6 6. b3 Be7 7. Bb2 O-O 8. e3 a5
9. a4 h6 10. Qe2 Bh7 11. Nc3 Nbd7 12. e4 Nc5 13. e5 Ne8 14. Bh3 Nc7 15. Nd4
N7a6 16. Kh1 Nb4 17. Rad1 Qb6 18. Qe3 Nxc2 19. Nxc2 Qxb3 20. Qc1 Nxd3 21. Rxd3
Bxd3 22. Na1 Qc4 23. Re1 Bb4 24. Rd1 d4 25. Nb1 Qxc1 26. Rxc1 c5 27. Bg2 Rad8
28. Na3 Be2 29. Bf1 d3 30. Nb3 Bxf1 31. Rxf1 d2 32. Rd1 Rd3 33. Nc4 Rxb3 34.
Kg2 Rd8 0-1

[Event "Chicago op + int."]
[Site "Chicago USA"]
[Date "1993.??.??"]
[Round "4"]
[White "Nickoloff, Bryon"]
[Black "Formanek, Edward"]
[Result "1/2-1/2"]
[WhiteElo "2390"]
[BlackElo "2335"]
[PlyCount "35"]
[EventDate "1993.??.??"]
[EventType "swiss"]
[EventRounds "7"]
[EventCountry "USA"]

1. d4 d5 2. c4 c6 3. cxd5 cxd5 4. Nc3 Nc6 5. Bf4 Nf6 6. e3 Bf5 7. Nf3 e6 8. Ne5
Bb4 9. Bb5 Qa5 10. O-O Bxc3 11. Bxc6+ bxc6 12. bxc3 Qa6 13. g4 Bg6 14. f3 Nd7
15. Nxd7 Kxd7 16. Qb3 Rhd8 17. Rf2 Ke8 18. Rd1 1/2-1/2

[Event "Chicago op + int."]
[Site "Chicago USA"]
[Date "1993.??.??"]
[Round "6"]
[White "Sherzer, Alex"]
[Black "Nickoloff, Bryon"]
[Result "0-1"]
[WhiteElo "2465"]
[BlackElo "2390"]
[PlyCount "90"]
[EventDate "1993.??.??"]
[EventType "swiss"]
[EventRounds "7"]
[EventCountry "USA"]

1. e4 e5 2. Nf3 Nc6 3. Bb5 Nf6 4. O-O Nxe4 5. d4 Be7 6. dxe5 d5 7. exd6 Nxd6 8.
Bxc6+ bxc6 9. Ne5 Bb7 10. Nc3 O-O 11. Bf4 Nb5 12. Qg4 Nd4 13. Rad1 c5 14. Be3
f5 15. Qh3 Bd6 16. Nd3 Rf6 17. Bf4 Rg6 18. f3 Ba6 19. Rf2 Bxd3 20. Bxd6 Bxc2
21. Rxc2 Qxd6 22. Rcd2 Qe5 23. Rd3 Re8 24. Qh4 Rge6 25. Qf2 Rh6 26. f4 Qe7 27.
b4 Re6 28. bxc5 Ne2+ 29. Nxe2 Rxe2 30. Qf3 Qxc5+ 31. Kf1 R2e4 32. g3 Qe7 33.
Kg2 Re2+ 34. Kh3 Qf6 35. Qh5 g6 36. Qh6 Qb2 37. Rh1 Qf6 38. Rd7 R2e7 39. Rhd1
Qe6 40. Rd8 Qe2 41. Qg5 Rxd8 42. Rxd8+ Kg7 43. Rd2 Qf1+ 44. Kh4 Qe1 45. Rd1 h6
0-1

[Event "Labour Day op"]
[Site "Toronto CAN"]
[Date "1993.09.??"]
[Round "?"]
[White "Mihaljevic, Josip"]
[Black "Nickoloff, Bryon"]
[Result "0-1"]
[WhiteElo "2270"]
[BlackElo "2410"]
[PlyCount "27"]
[EventDate "1993.??.??"]
[EventRounds "6"]
[EventCountry "CAN"]
[Source "ChessBase"]
[SourceDate "2003.11.25"]

1. d4 Nf6 2. c4 e6 3. Nf3 d5 4. Nc3 Bb4 5. Bg5 dxc4 6. e4 c5 7. e5 cxd4 8. Qa4+
Nc6 9. O-O-O Bd7 10. Nxd4 Bxc3 11. Nxc6 Bxe5 12. Qb5 Bc7 13. Bxf6 bxc6 14. Bxd8
0-1

[Event "Labour Day op"]
[Site "Toronto CAN"]
[Date "1993.09.??"]
[Round "2"]
[White "Ochkoos, Jura"]
[Black "Nickoloff, Bryon"]
[Result "1/2-1/2"]
[WhiteElo "2275"]
[BlackElo "2410"]
[PlyCount "20"]
[EventDate "1993.??.??"]
[EventRounds "6"]
[EventCountry "CAN"]
[Source "ChessBase"]
[SourceDate "2003.11.25"]

1. d4 Nf6 2. Nf3 d5 3. c4 e6 4. Nc3 Bb4 5. Qa4+ Nc6 6. Bg5 h6 7. Bxf6 Qxf6 8.
a3 Bxc3+ 9. bxc3 Bd7 10. cxd5 exd5 1/2-1/2

[Event "Labour Day op"]
[Site "Toronto CAN"]
[Date "1993.09.??"]
[Round "3"]
[White "Nickoloff, Bryon"]
[Black "Haessel, Dale"]
[Result "1-0"]
[WhiteElo "2410"]
[BlackElo "2235"]
[PlyCount "67"]
[EventDate "1993.??.??"]
[EventRounds "6"]
[EventCountry "CAN"]
[Source "ChessBase"]
[SourceDate "2003.11.25"]

1. d4 Nf6 2. c4 e6 3. Nf3 b6 4. g3 Bb4+ 5. Bd2 Bxd2+ 6. Qxd2 Bb7 7. Bg2 O-O 8.
Nc3 d5 9. cxd5 Nxd5 10. Ne5 a6 11. O-O Ra7 12. Rfd1 f6 13. Nd3 Nxc3 14. Qxc3
Bxg2 15. Kxg2 a5 16. e4 Qe7 17. Rac1 Na6 18. Qc4 Rd8 19. a3 Kh8 20. b4 axb4 21.
axb4 b5 22. Qxb5 Rxd4 23. Qh5 Kg8 24. b5 g6 25. Qe2 Nb8 26. Qe3 e5 27. Nc5 Rxd1
28. Rxd1 Ra5 29. Qc3 Ra8 30. Qc4+ Kg7 31. Rd8 Kh6 32. Qd5 c6 33. bxc6 Ra5 34.
Qd2+ 1-0

[Event "Santa Claus op"]
[Site "Toronto CAN"]
[Date "1993.12.??"]
[Round "?"]
[White "Nickoloff, Bryon"]
[Black "Ross, Dave"]
[Result "1-0"]
[WhiteElo "2457"]
[BlackElo "2375"]
[PlyCount "51"]
[EventDate "1993.??.??"]
[EventType "swiss"]
[EventRounds "5"]
[EventCountry "CAN"]

1. d4 f5 2. Bg5 h6 3. Bh4 g5 4. e4 Bg7 5. Bg3 f4 6. Bxf4 gxf4 7. Qh5+ Kf8 8.
Qf5+ Ke8 9. Be2 h5 10. Bxh5+ Rxh5 11. Qxh5+ Kf8 12. Qf5+ Ke8 13. Qg4 Kf8 14.
Qxf4+ Ke8 15. Qg5 Kf8 16. Qf5+ Ke8 17. Nf3 d6 18. Qg6+ Kf8 19. Ng5 Nh6 20. Nc3
Nc6 21. Rd1 Bd7 22. Rd3 Qe8 23. Rf3+ Nf5 24. Rxf5+ Bxf5 25. Qxf5+ Kg8 26. Qh7+
1-0

[Event "Thanksgiving op"]
[Site "Toronto CAN"]
[Date "1993.??.??"]
[Round "?"]
[White "Teodoro, Eduardo"]
[Black "Nickoloff, Bryon"]
[Result "1-0"]
[WhiteElo "2215"]
[BlackElo "2390"]
[PlyCount "59"]
[EventDate "1993.??.??"]
[EventType "swiss"]
[EventRounds "6"]
[EventCountry "CAN"]
[Source "ChessBase"]
[SourceDate "2003.11.25"]

1. e4 e5 2. Nf3 Nc6 3. Bb5 a6 4. Ba4 Nf6 5. O-O Be7 6. Re1 b5 7. Bb3 d6 8. c3
O-O 9. h3 Nd7 10. d4 Bf6 11. Be3 Na5 12. Bc2 Nc4 13. Bc1 exd4 14. cxd4 c5 15.
Qd3 g6 16. Na3 Nxa3 17. Qxa3 cxd4 18. Bh6 Re8 19. Rad1 Qb6 20. b4 Bb7 21. Qc1
Rac8 22. Qd2 Ne5 23. Qf4 Nxf3+ 24. Qxf3 Qd8 25. Bb3 Qe7 26. Re2 Rc3 27. Qg4 Bc8
28. Qf4 Be6 29. e5 Bxb3 30. exd6 1-0

[Event "Toronto op"]
[Site "Toronto CAN"]
[Date "1993.??.??"]
[Round "3"]
[White "Nickoloff, Bryon"]
[Black "Livshits, Ron"]
[Result "0-1"]
[WhiteElo "2390"]
[BlackElo "2310"]
[PlyCount "64"]
[EventDate "1993.??.??"]
[EventType "swiss"]
[EventRounds "6"]
[EventCountry "CAN"]

1. d4 d5 2. c4 e6 3. Nf3 c6 4. Qc2 Nf6 5. Bg5 h6 6. Bxf6 Qxf6 7. Nbd2 Nd7 8.
O-O-O Bd6 9. e4 dxe4 10. Nxe4 Qe7 11. g3 O-O 12. c5 Bc7 13. Bg2 b6 14. Rhe1 Rb8
15. Re3 Bb7 16. Nh4 Rfd8 17. Nd6 Bxd6 18. Nf5 exf5 19. Rxe7 Bxe7 20. cxb6 axb6
21. Qxf5 Nf6 22. Re1 Bf8 23. Qf4 Rd6 24. Kb1 Rbd8 25. Rc1 b5 26. a3 Rxd4 27.
Qc7 R8d7 28. Qb8 Rd1 29. Rxd1 Rxd1+ 30. Ka2 Rd7 31. Bh3 Re7 32. Bg2 Nd5 0-1

[Event "World op"]
[Site "Philadelphia USA"]
[Date "1993.??.??"]
[Round "8"]
[White "Nickoloff, Bryon"]
[Black "Martinovsky, Eugene"]
[Result "0-1"]
[WhiteElo "2390"]
[BlackElo "2270"]
[PlyCount "76"]
[EventDate "1993.??.??"]
[EventType "swiss"]
[EventRounds "9"]
[EventCountry "USA"]

1. d4 Nf6 2. c4 g6 3. Nc3 d5 4. cxd5 Nxd5 5. e4 Nb6 6. h3 Bg7 7. Nf3 O-O 8. Be3
c6 9. Qd2 Re8 10. Be2 N8d7 11. Bg5 Nf8 12. Rd1 f6 13. Bh6 e5 14. Bxg7 Kxg7 15.
O-O Qe7 16. Rfe1 Bd7 17. Bf1 Rad8 18. Qe3 Bc8 19. Rd2 exd4 20. Nxd4 c5 21. Nf3
Rxd2 22. Qxd2 Rd8 23. Qe3 a6 24. a4 Be6 25. a5 Nc4 26. Bxc4 Bxc4 27. Na4 Ne6
28. Rc1 Rd3 29. Qe1 Bb3 30. Nb6 Nf4 31. Nd2 Qe5 32. Nxb3 Qg5 33. g3 Rxb3 34.
Rxc5 Nxh3+ 35. Kh2 Qxc5 36. Kxh3 Qh5+ 37. Kg2 Qf3+ 38. Kg1 Rd3 0-1

[Event "Thanksgiving op"]
[Site "Toronto CAN"]
[Date "1992.10.10"]
[Round "2"]
[White "Bailey, Doug"]
[Black "Nickoloff, Bryon"]
[Result "0-1"]
[WhiteElo "2330"]
[BlackElo "2437"]
[PlyCount "59"]
[EventDate "1992.10.10"]
[EventType "swiss"]
[EventRounds "6"]
[EventCountry "CAN"]

1. e4 e5 2. Nf3 Nc6 3. Bb5 a6 4. Ba4 Nf6 5. O-O b5 6. Bb3 Bb7 7. Re1 Bc5 8. c3
d6 9. d3 Ne7 10. Nbd2 Ng6 11. Nf1 O-O 12. Ng3 Re8 13. a4 d5 14. Bg5 dxe4 15.
Nxe4 Be7 16. Ng3 h6 17. Bc1 Bf8 18. Nf5 Qd7 19. N3h4 Nxh4 20. Nxh4 Rad8 21. Re3
c5 22. axb5 axb5 23. Qe2 Nd5 24. Rg3 Nf4 25. Qc2 c4 26. Bxf4 exf4 27. dxc4 fxg3
28. hxg3 Bc5 29. Ra5 Re1+ 30. Kh2 0-1

[Event "Thanksgiving op"]
[Site "Toronto CAN"]
[Date "1992.10.11"]
[Round "4"]
[White "Southam, Todd"]
[Black "Nickoloff, Bryon"]
[Result "1/2-1/2"]
[WhiteElo "2341"]
[BlackElo "2437"]
[PlyCount "20"]
[EventDate "1992.10.10"]
[EventType "swiss"]
[EventRounds "6"]
[EventCountry "CAN"]
[Source "ChessBase"]
[SourceDate "1997.11.17"]

1. d4 Nf6 2. c4 e6 3. Nc3 Bb4 4. e3 O-O 5. Bd3 c5 6. Nge2 cxd4 7. exd4 d5 8.
cxd5 Nxd5 9. O-O Nc6 10. Qc2 h6 1/2-1/2

[Event "Thanksgiving op"]
[Site "Toronto CAN"]
[Date "1992.10.12"]
[Round "5"]
[White "Nickoloff, Bryon"]
[Black "Hartman, Brian"]
[Result "1/2-1/2"]
[WhiteElo "2437"]
[BlackElo "2487"]
[PlyCount "28"]
[EventDate "1992.10.10"]
[EventType "swiss"]
[EventRounds "6"]
[EventCountry "CAN"]
[Source "ChessBase"]
[SourceDate "1997.11.17"]

1. d4 Nf6 2. c4 c5 3. d5 b5 4. Nf3 Bb7 5. Nfd2 e6 6. e4 bxc4 7. dxe6 fxe6 8. e5
Nd5 9. Nxc4 Qh4 10. Na5 Qe4+ 11. Qe2 Qb4+ 12. Qd2 Qe4+ 13. Qe2 Qb4+ 14. Qd2
Qe4+ 1/2-1/2

[Event "Thanksgiving op"]
[Site "Toronto CAN"]
[Date "1992.10.12"]
[Round "6"]
[White "Bekefi, Laszlo"]
[Black "Nickoloff, Bryon"]
[Result "1/2-1/2"]
[WhiteElo "2324"]
[BlackElo "2437"]
[PlyCount "49"]
[EventDate "1992.10.10"]
[EventType "swiss"]
[EventRounds "6"]
[EventCountry "CAN"]
[Source "ChessBase"]
[SourceDate "1997.11.17"]

1. c4 c5 2. Nf3 Nf6 3. g3 d5 4. Bg2 Nc6 5. O-O e5 6. cxd5 Nxd5 7. Nc3 Be6 8.
Ng5 Qxg5 9. Nxd5 Qd8 10. Ne3 Qd7 11. b3 Be7 12. Bb2 O-O 13. Bxc6 Qxc6 14. Bxe5
Bh3 15. Re1 Bg5 16. f3 Rfe8 17. Bc3 Bxe3+ 18. dxe3 Rxe3 19. Qd2 Rae8 20. Rad1
Bc8 21. Bb2 b6 22. Bc1 R3e7 23. Qd6 Bb7 24. Qxc6 Bxc6 25. Kf2 1/2-1/2

[Event "CAN-op"]
[Site "Scarborough CAN"]
[Date "1992.07.19"]
[Round "2"]
[White "Samson, Tom"]
[Black "Nickoloff, Bryon"]
[Result "0-1"]
[WhiteElo "1947"]
[BlackElo "2417"]
[PlyCount "100"]
[EventDate "1992.07.18"]
[EventType "swiss"]
[EventRounds "10"]
[EventCountry "CAN"]

1. d4 Nf6 2. Nf3 g6 3. g3 Bg7 4. Bg2 O-O 5. O-O d6 6. c3 Nbd7 7. Nbd2 e5 8.
dxe5 dxe5 9. Qc2 Qe7 10. e4 a5 11. a4 b6 12. b4 Rd8 13. bxa5 Rxa5 14. Nb3 Ra7
15. Ba3 Qe8 16. a5 Bb7 17. Rfe1 Rda8 18. Bf1 bxa5 19. Nc5 Bc6 20. Bc4 Nb6 21.
Ba2 Bb5 22. Rab1 Bc4 23. Rxb6 cxb6 24. Bxc4 bxc5 25. Qa2 Rc7 26. Ng5 h6 27. Nh3
Kh7 28. f3 Bf8 29. g4 a4 30. Qf2 Kg7 31. g5 hxg5 32. Nxg5 Nh5 33. Kh1 Rd8 34.
Rg1 Bd6 35. Qh4 Be7 36. Bc1 Rd6 37. Ne6+ Rxe6 38. Qxh5 Qh8 39. Qxh8+ Kxh8 40.
Bxe6 fxe6 41. c4 Kg7 42. Bb2 Rb7 43. Bxe5+ Bf6 44. Ba1 Bxa1 45. Rxa1 Rb4 46.
Rc1 Kf6 47. Kg2 Ke5 48. Kf2 Kd4 49. Rd1+ Kc3 50. Rd6 a3 0-1

[Event "CAN-op"]
[Site "Scarborough CAN"]
[Date "1992.07.20"]
[Round "3"]
[White "Nickoloff, Bryon"]
[Black "Haukenfrers, Dale"]
[Result "1-0"]
[WhiteElo "2417"]
[BlackElo "2029"]
[PlyCount "37"]
[EventDate "1992.07.18"]
[EventType "swiss"]
[EventRounds "10"]
[EventCountry "CAN"]

1. d4 d5 2. c4 dxc4 3. e3 Nf6 4. Bxc4 e6 5. Nf3 c5 6. O-O a6 7. Qe2 b5 8. Bb3
Bb7 9. Rd1 cxd4 10. exd4 Be7 11. Nc3 Nc6 12. d5 exd5 13. Nxd5 Nxd5 14. Bxd5 Qc7
15. Bg5 h6 16. Bh4 g5 17. Bg3 Qb6 18. Re1 Qd8 19. Rad1 1-0

[Event "CAN-op"]
[Site "Scarborough CAN"]
[Date "1992.07.21"]
[Round "4"]
[White "Palacios, Bobby"]
[Black "Nickoloff, Bryon"]
[Result "1/2-1/2"]
[WhiteElo "2174"]
[BlackElo "2417"]
[PlyCount "55"]
[EventDate "1992.07.18"]
[EventType "swiss"]
[EventRounds "10"]
[EventCountry "CAN"]

1. e4 c5 2. Nf3 e6 3. d4 cxd4 4. Nxd4 Nf6 5. Nc3 d6 6. Be2 Be7 7. O-O O-O 8.
Be3 Nc6 9. f4 a6 10. Qe1 Bd7 11. Qg3 b5 12. e5 Nxd4 13. Bxd4 dxe5 14. fxe5 Bc6
15. Rad1 Ne4 16. Nxe4 Bxe4 17. Be3 Qc7 18. c3 Rad8 19. Rxd8 Rxd8 20. Qf2 Rf8
21. Bd4 Qa5 22. a3 Qa4 23. Qe3 Qc2 24. Rf2 Qb1+ 25. Rf1 Qc2 26. Rf2 Qb1+ 27.
Rf1 Qc2 28. Rf2 1/2-1/2

[Event "CAN-op"]
[Site "Scarborough CAN"]
[Date "1992.07.22"]
[Round "5"]
[White "MacDonald, Jonathan"]
[Black "Nickoloff, Bryon"]
[Result "0-1"]
[WhiteElo "2103"]
[BlackElo "2417"]
[PlyCount "82"]
[EventDate "1992.07.18"]
[EventType "swiss"]
[EventRounds "10"]
[EventCountry "CAN"]

1. e4 c5 2. Nf3 e6 3. d4 cxd4 4. Nxd4 Nf6 5. Nc3 d6 6. Be2 Be7 7. Be3 O-O 8.
O-O Nc6 9. f4 a6 10. Kh1 Bd7 11. Bf3 Qc7 12. a4 Rac8 13. Nb3 b6 14. Qe2 Nb4 15.
Qf2 Rb8 16. g4 d5 17. e5 Ne4 18. Nxe4 dxe4 19. Bxe4 Bc6 20. Qg2 Bxe4 21. Qxe4
Qxc2 22. Nd2 Qxe4+ 23. Nxe4 Nc2 24. Rae1 Nxe1 25. Rxe1 Rfd8 26. f5 Rd5 27. f6
Bc5 28. fxg7 Kxg7 29. Bg5 Bd4 30. Nf6 Rxe5 31. Rxe5 Bxe5 32. Nd7 Rc8 33. Nxe5
f6 34. Bxf6+ Kxf6 35. Nd7+ Ke7 36. Nxb6 Rc1+ 37. Kg2 Rc2+ 38. Kg3 Rxb2 39. a5
Rb5 40. Nc4 Rc5 41. Ne5 Rxe5 0-1

[Event "CAN-op"]
[Site "Scarborough CAN"]
[Date "1992.07.23"]
[Round "6"]
[White "Nickoloff, Bryon"]
[Black "Dougherty, Michael"]
[Result "1-0"]
[WhiteElo "2417"]
[BlackElo "2283"]
[PlyCount "75"]
[EventDate "1992.07.18"]
[EventType "swiss"]
[EventRounds "10"]
[EventCountry "CAN"]

1. d4 g6 2. c4 Bg7 3. Nf3 f5 4. g3 Nf6 5. Nc3 d6 6. Bg2 O-O 7. O-O c6 8. Qd3
Qe8 9. e4 fxe4 10. Nxe4 Bf5 11. Nxf6+ Bxf6 12. Qb3 Qd7 13. Bh6 Bg7 14. Bxg7
Kxg7 15. Rfe1 Na6 16. Re3 Rf6 17. Rae1 Re8 18. Qa3 h6 19. c5 Be6 20. cxd6 exd6
21. d5 cxd5 22. Nd4 Bf7 23. Rxe8 Bxe8 24. Bxd5 Bf7 25. Bg2 Qc7 26. Qe3 Qb6 27.
Qc3 Nc5 28. Re7 Qd8 29. Re2 a5 30. b3 Qb6 31. h4 h5 32. Nf3 Qb4 33. Qb2 Nd3 34.
Qc2 Nc5 35. Ng5 Qd4 36. Re7 b5 37. Bc6 Ne6 38. Rxf7+ 1-0

[Event "CAN-op"]
[Site "Scarborough CAN"]
[Date "1992.07.24"]
[Round "7"]
[White "Nickoloff, Bryon"]
[Black "McGarrett, Ian"]
[Result "1-0"]
[WhiteElo "2417"]
[BlackElo "2266"]
[PlyCount "79"]
[EventDate "1992.07.18"]
[EventType "swiss"]
[EventRounds "10"]
[EventCountry "CAN"]

1. d4 Nf6 2. c4 e6 3. Nf3 Bb4+ 4. Bd2 c5 5. Bxb4 cxb4 6. g3 O-O 7. Bg2 d5 8.
Nbd2 Ne4 9. cxd5 exd5 10. Nxe4 dxe4 11. Ne5 Qd5 12. e3 Re8 13. Qc2 Bf5 14. g4
Rc8 15. Qb1 b3 16. axb3 g6 17. gxf5 gxf5 18. O-O Nc6 19. f3 Nxd4 20. exd4 Qxd4+
21. Kh1 Qxe5 22. fxe4 f4 23. Qd1 Rc6 24. Qg4+ Rg6 25. Qxf4 Qxb2 26. Qxf7+ Kh8
27. Qf2 Qxb3 28. Qd4+ Rg7 29. Rxa7 Re8 30. Ra5 Qc2 31. Rg5 Qc7 32. Qf6 Qe7 33.
Qxe7 Rgxe7 34. Kg1 Rg7 35. Rxg7 Kxg7 36. Rb1 Re7 37. Rb6 Kf7 38. Kf2 Ke8 39.
Ke3 Kd8 40. Bh3 1-0